| 000 | 00422nam a22001217a 4500 | ||
|---|---|---|---|
| 008 | 230605b xxu||||| |||| 00| 0 eng d | ||
| 082 |
_a324.96762 _bKNC |
||
| 110 | _d2006 | ||
| 245 |
_aBehaving Badly _bDeception, Chauvinism and Waste During the Referendum Campaigns _cKenya National Commission of Human Rights |
||
| 260 |
_aKenya _bKenya National Commission of Human Rights _cSeptember 2006 |
||
| 300 | _a108 p | ||
| 942 |
_2ddc _cBK |
||
| 999 |
_c349 _d349 |
||